00241nam a2200097Ia 4500008004100000100002000041245003400061260002400095942000700119999001700126190216s9999||||xx |||||||||||||| ||und|| aDimand King Hel 0aShelley His Thought And Works bMacmillan India Ltd cBK c12472d12472